Tendances de la conjoncture graphiques Mensuels

Na minha lista:
Detalhes bibliográficos
Formato: Periódico
Idioma:francês
Publicado em: Paris Institut national de la statistique et des études économiques
Tags: Adicionar Tag
Sem tags, seja o primeiro a adicionar uma tag!

MARC

LEADER 00000nas1a2200000 4500
001 s122689
005 20041019155351.1
041 0 |a fre 
044 |a FR 
245 1 0 |a Tendances de la conjoncture  |b graphiques Mensuels 
264 1 |a Paris  |b Institut national de la statistique et des études économiques